Plan de Actuación de Mandato 2020-2023 : una estrategia municipalista para un desarrollo sostenible : edición 2022 una estrategia municipalista para un desarrollo sostenible : edición 2022
Descripción Física:
264 pàg. ; 30 cm.
Idioma:
Catalán , Español
MARC
| LEADER | 00000nam a22000007a 4500 | ||
|---|---|---|---|
| 001 | 28351 | ||
| 003 | AGDB | ||
| 005 | 20260324181520.0 | ||
| 008 | 231113b spa||||| |||| 00| 0 cat d | ||
| 017 | |a B 14017-2022 | ||
| 040 | |a agdb |b cat | ||
| 041 | |a spa | ||
| 110 | 1 | |a Barcelona (Catalunya : Província). |b Diputació |9 52408 | |
| 245 | |a Plan de Actuación de Mandato 2020-2023 : |b una estrategia municipalista para un desarrollo sostenible : edición 2022 | ||
| 250 | |a Seguda edición |b junio 2022 | ||
| 260 | |a Barcelona : |b Diputació de Barcelona ; |c 2022 | ||
| 300 | |a 264 pàg. ; |c 30 cm. | ||
| 610 | 1 | 0 | |9 52706 |a Barcelona (Catalunya : Província). |b Diputació |v Planificació |
| 710 | 1 | |9 52746 |a Barcelona (Catalunya : Província). |b Diputació. | |
| 942 | |2 udc |c ARXIU |n 1 | ||
| 952 | |0 0 |1 0 |4 0 |6 BIB1128 |7 1 |9 96441 |a Arxiu |b Arxiu |d 2023-11-13 |l 0 |o Bib-1128 |p 28351 |r 2023-11-13 00:00:00 |w 2023-11-13 |y ARXIU | ||
| 999 | |c 128266 |d 128266 | ||